000 00634nam a2200205Ia 4500
005 20250508164942.0
008 008 250505s9999 xx 000 0 eng d
020 _a978-81-250-3866-5
037 _aTextual
040 _aFEDL
_beng
_cFEDL
041 _aeng
_2eng
084 _a407, RAS
_qFEDL
100 _aRassool Naz
_9148710
245 0 _aGlobal issues in languages, education and development : Perspectives from postcolonial countries
260 _aHyderabad, India
_bOrient Longman Private Limited
_c2007
300 _axii,291p
365 _aINR
_b575
942 _cTEXL
_h407, RAS
999 _c1392236
_d1392236